LEADER 01081nam a2200241 i 4500 001 000000042241 003 CaOOAMICUS 005 20120228000000.0 008 120228s1938 xx u000 u fre u 013 $a13411 040 $aSeMil$bita 100 1 $aDelaporte, Louis.$0(OLS)http://semarc/name/20870 245 13$aLe Proche-Orient asiatique /$cpar Louis Delaporte ; avant-propos de S. Charlety. 300 $aXXXV, 361 p. ;$c20 cm. 490 0 $aCLIO : introduction aux études historiques ;$v1 650 4$aVicino Oriente - Storia.$0(OLS)http://semarc/subject/8986 700 1 $aCharlety, Sebastien.$0(OLS)http://semarc/name/20871 773 0 $tPeuples de l'Orient mèditerranéen.$b2. ed.$dParis : Presses Universitaires de France, 1938-1946.$g1$w()1145 830 0$aCLIO : introduction aux études historiques ;$v1.$0(OLS)http://semarc/title/15975 850 $aSeMil 852 $aSeMil$W1$xVenegono$y1$m3S III 230$j8396$B8396$CSeMilBibl$Z2$F8396 $81 961 $aOmaggio: Rimoldi mons. Antonio 996 $6245$aLe Proche-Orient asiatique$9(OLS)http://semarc/title/61538 LEADER 01106nam a2200265 i 4500 001 000000117204 003 CaOOAMICUS 005 20051020000000.0 008 051020s1983 it u000 u ita u 013 $a89893 040 $aSeMil$bita 100 1 $aGozzano, Guido <1883-1916>.$0(OLS)http://semarc/name/18735 245 13$aLa signorina Felicita, ovvero, la felicità /$cGuido Gozzano ; a cura di Edoardo Esposito. 260 $aMilano :$bIl Saggiatore,$c1983. 300 $a158 p. ;$c19 cm. 490 0 $aI paralleli : testi poetici del Novecento con apparati di lettura ;$v10 500 $aContiene : Appendice. - Fondo Ciprandi. 700 1 $aEsposito, Edoardo.$0(OLS)http://semarc/name/48915 830 2$aI paralleli ;$v10.$0(OLS)http://semarc/title/17715 850 $aSeMil 852 $aSeMil$W1$xVenegono$y1$m1C II 118$j72604$B72604$CSeMilBibl$Z2$F104705 $81 941 1 $a1 961 $aOmaggio: Ciprandi dott. Paolo 996 $6245$aLa signorina Felicita, ovvero, la felicità$9(OLS)http://semarc/title/172035 996 $6260$aMilano :$bIl Saggiatore$9(OLS)http://semarc/publisher/30255